| 000 | 00363 a2200145 4500 | ||
|---|---|---|---|
| 999 |
_c8469 _d8469 |
||
| 020 | _a9781844165926 | ||
| 050 | _aPZ 7 LUM 2008 | ||
| 100 |
_aLumley, Brian _eauthor |
||
| 245 |
_aThe taint and other novellas / _cBrian Lumley |
||
| 264 |
_aU.K. : _bSolaris Books, _c2008 |
||
| 300 | _a473p.: | ||
| 500 | _aNo index | ||
| 650 | _aNovel | ||
| 942 |
_2lcc _cBK _h7 _iLUM _kPZ |
||